Wendische Nacht, (Record no. 5194)

MARC details
000 -LEADER
fixed length control field 00686cam a22002171 4500
001 - CONTROL NUMBER
control field af 48002752
003 - CONTROL NUMBER IDENTIFIER
control field DLC
005 - DATE AND TIME OF LATEST TRANSACTION
control field 20260227110857.0
008 - FIXED-LENGTH DATA ELEMENTS--GENERAL INFORMATION
fixed length control field 890404s1942 gw 000 0 ger c
010 ## - LIBRARY OF CONGRESS CONTROL NUMBER
LC control number af 48002752
035 ## - SYSTEM CONTROL NUMBER
System control number (OCoLC)19494985
040 ## - CATALOGING SOURCE
Original cataloging agency California. Univ. Libr.
Transcribing agency CU
Modifying agency DLC
042 ## - AUTHENTICATION CODE
Authentication code premarc
050 00 - LIBRARY OF CONGRESS CALL NUMBER
Classification number PT2617.O293
Item number W4
100 1# - MAIN ENTRY--PERSONAL NAME
Personal name Hoerschelmann, Fred von.
245 10 - TITLE STATEMENT
Title Wendische Nacht,
Remainder of title Schauspiel in vier Akten.
260 ## - PUBLICATION, DISTRIBUTION, ETC.
Place of publication, distribution, etc. Berlin,
Name of publisher, distributor, etc. G. Kiepenheuer Bühnenvertrieb,
Date of publication, distribution, etc. c1942.
300 ## - PHYSICAL DESCRIPTION
Extent 128 p.
Dimensions 20 cm.
500 ## - GENERAL NOTE
General note "Uraufgeführt am 26. Februar 1942 am Stadttheater in Hamburg."
500 ## - GENERAL NOTE
General note "Als unverkäufliches Manuskript vervielfältigt."

No items available.

Powered by Koha